Websters new world Letter writting hand book (Record no. 4230)

MARC details
000 -LEADER
fixed length control field 00406nam a22001457a 4500
008 - FIXED-LENGTH DATA ELEMENTS--GENERAL INFORMATION
fixed length control field 250709b |||||||| |||| 00| 0 eng d
020 ## - INTERNATIONAL STANDARD BOOK NUMBER
ISBN 9780764525247
100 ## - MAIN ENTRY--AUTHOR
Author BLV, Roberts .W
245 ## - TITLE STATEMENT
Title Websters new world Letter writting hand book
260 ## - PUBLICATION, DISTRIBUTION, ETC. (IMPRINT)
Place of publication Indiana Polis
Name of publisher Wiley Publishing, Inc
Date of publication 2004
300 ## - COLLATION
Pagination Xvi, 584p.
650 ## - TRACINGS
Main Subject Letter writing handbook
942 ## - ADDED ENTRY ELEMENTS (KOHA)
Item type Books
050 ## - LIBRARY OF CONGRESS CALL NUMBER
Classification number PE1483
Item number .B59
Holdings
Source of classification or shelving scheme Not for loan Permanent location Current location Date acquired Accession No. Full call number Barcode. Koha item type
Library of Congress Classification   Samuel Ogbemudia Main Library, University of Abuja Samuel Ogbemudia Main Library, University of Abuja 07/09/2025 2025/61516 PE1483.B59 2025-2979 Books